000 00629nam a2200229Ia 4500
001 65695
003 138488
005 20250225065451.0
008 ||||||n9999 ||| || ||
041 _aspa
100 1 _a Fisas Armengol, Vicenc,
_d1952-
_986459
245 0 _aLos derechos humanos en las crisis humanitarias
260 _aBogotá :
_bIDDLC,
_c1998.
300 _a22h.
562 _e0
650 0 _aAsistencia humanitaria
_9191235
650 0 _aConflicto armado
_910156
650 0 _aDerecho internacional humanitario
_923998
650 0 _aDerechos humanos
_92723
650 _aPONENCIA
_912713
942 _cDOC
999 _c65695
_d65695